000 00535nam a2200193Ia 4500
003 OSt
005 20200206152849.0
008 190216s9999||||xx |||||||||||||| ||und||
020 _a9788182716049
040 _coclc
082 _a297.61
_bMOU/I
100 _aMoulavi, Ilyas
_91872
245 0 _aImam Malik /
_cIlyas Moulavi
250 _a1st ed.
260 _bIslamic Publishing House,
_c2012.
_aKozhikode:
300 _a102p
650 _aIslamic History
942 _cBK
_2ddc
_h297.61
_iMOU/I
_k297.61
_mMOU/I
999 _c23012
_d23012